000 00947nam a22002537a 4500
999 _c4781
_d4781
003 AR-CdUCM
008 190311b ||||| |||| 00| 0 spa d
040 _aMUNICIPALIDAD PROVINCIAL DEL CUSCO
_cBIBLIOTECA MUNICIPAL DEL CUSCO
041 _heng
082 _a901 /
_bH74
100 _aHook, Sidney
_914774
245 _aEl héroe en la historia :
_bun estudio sobre la limitación y la posibilidad /
260 _aBuenos Aires :
_bGalatea-nueva visión,
_c1958.
300 _a189 paginas.
_c19.5 cm.
440 _aEl hombre, la sociedad y la historia
_n3
_914775
505 _aEl héroe como suceso y problema -- Los héroes del pensamiento -- La influencia de los monarcas -- Determinismo social: Hegel y Spencer ...
650 _aDeterminismo social
_914776
650 _aDemocracia
_92598
650 _aLibertad
_92892
650 _aHistoria
_9136
700 _aBaglietto, Maria (traductora)
_914777
942 _2ddc
_cLIBROS
945 _aacv